Modernización y desarrollo político /

Guardado en:
Detalles Bibliográficos
Autor principal: Pasquino, Gianfranco (autor)
Formato: Libro
Idioma:Español
Publicado: Barcelona, España : Nova Terra, 1974
Temas:
Etiquetas: Agrega una etiqueta
Sin etiquetas, Sé el primero en etiquetar este registro!

MARC

LEADER 00000nam^a2200000^a^4500
001 000007270
005 20250521000000.0
009 20260310083500.004
037 |a Acervo ITESO - Biblioteca 
041 |a ESP 
082 |a 320.  |b PAS 
100 |a Pasquino, Gianfranco  |e (autor) 
245 1 0 |a Modernización y desarrollo político /  |c G. Pasquino ; tr. por Lluís Riera ; pról. de: Carlota Solé. 
264 1 |a Barcelona, España :  |b Nova Terra,  |c 1974 
300 |a 320 p. 
336 |a texto  |b txt  |2 rdacontenido 
337 |a sin mediación  |b n  |2 rdamedio 
338 |a volumen  |b nc  |2 rdasoporte 
500 |a Traducción de: Modernizzazione e Sviluppo Plitico 
649 |a XX 
650 |a Modernización 
650 |a Desarrollo Político 
650 |a Política 
910 |a Fondo General 
920 |a Impresos - Libros 
930 |a Colección General 
905 |a 101 
901 |a 0072700100  |b IT1  |c ACC  |i 007270  |u 20250521 
902 |a https://opac.biblio.iteso.mx/vufind/Record/000007270